LEADER 01498nam 2200433 450 001 9910583042303321 005 20230120002557.0 010 $a0-323-52732-9 035 $a(CKB)3710000001387371 035 $a(MiAaPQ)EBC4867950 035 $a(EXLCZ)993710000001387371 100 $a20170628h20172017 uy 0 101 0 $aeng 135 $aurcnu|||||||| 181 $2rdacontent 182 $2rdamedia 183 $2rdacarrier 200 10$aTheory and modeling of cylindrical nanostructures for high-resolution coverage spectroscopy /$fStefano Bottacchi, Francesca Bottacchi 210 1$aAmsterdam, Netherlands :$cElsevier,$d2017. 210 4$dİ2017 215 $a1 online resource (503 pages) $cillustrations (some color), graphs 225 1 $aMicro & Nano Technologies Series 311 $a0-323-52731-0 320 $aIncludes bibliographical references at the end of each chapters and index. 410 0$aMicro & nano technologies. 606 $aHigh resolution spectroscopy 606 $aNanostructured materials$xSpectra 615 0$aHigh resolution spectroscopy. 615 0$aNanostructured materials$xSpectra. 676 $a543.62 700 $aBottacchi$b Stefano$0908047 702 $aBottacchi$b Francesca 801 0$bMiAaPQ 801 1$bMiAaPQ 801 2$bMiAaPQ 906 $aBOOK 912 $a9910583042303321 996 $aTheory and modeling of cylindrical nanostructures for high-resolution coverage spectroscopy$92183952 997 $aUNINA LEADER 01669oas 2200481 a 450 001 9910696404703321 005 20250922213015.0 035 $a(OCoLC)218611045 035 $a(CONSER) 2008230109 035 $a(CKB)5470000002378799 035 $a(EXLCZ)995470000002378799 100 $a20080403a19749999 ua a 101 0 $aeng 135 $aur||||||||||| 181 $ctxt$2rdacontent 182 $cc$2rdamedia 183 $acr$2rdacarrier 200 10$aAnnual report of the Diabetes Mellitus Interagency Coordinating Committee 210 $a[Bethesda, Md.] $cU.S. Dept. of Health and Human Services, National Institute of Diabetes and Digestive and Kidney Diseases 215 $aelectronic texts, volumes $cHTML, digital PDF files 517 1 $aDMICC annual report 517 1 $aDiabetes Mellitus Interagency Coordinating Committee ... annual report 606 $aDiabetes$xResearch$zUnited States$vPeriodicals 606 $aDiabetes$xResearch$2fast$3(OCoLC)fst00892188 607 $aUnited States$2fast$1https://id.oclc.org/worldcat/entity/E39PBJtxgQXMWqmjMjjwXRHgrq 608 $aPeriodicals.$2fast 608 $aPeriodicals.$2lcgft 615 0$aDiabetes$xResearch 615 7$aDiabetes$xResearch. 712 02$aNational Institute of Diabetes and Digestive and Kidney Diseases (U.S.) 801 0$bGPO 801 1$bGPO 801 2$bGPO 801 2$bOCLCQ 801 2$bGILDS 801 2$bOCLCF 801 2$bOCLCO 801 2$bOCLCQ 801 2$bOCLCL 906 $aDOCUMENT 912 $a9910696404703321 996 $aAnnual report of the Diabetes Mellitus Interagency Coordinating Committee$93109904 997 $aUNINA